L'Isère en images - Statistiques

Statistiques générales
  • Ce quiz a été pris 233 fois
  • Le résultat moyen est 9 sur 18
Statistiques - réponses
Par images Hint Réponse % Correct
Préfecture Grenoble
98%
Plat Gratin dauphinois
95%
Chanteur Calogero
82%
Marque de sirop Teisseire
75%
Ancienne Province Dauphiné
73%
Fleuve Rhône
70%
Massif montagneux Vercors
65%
Plat Ravioles
62%
Sous-Préfecture Vienne
60%
Personnalité politique Michel Barnier
54%
Auteur Stendhal
53%
Station de ski Alpe d'Huez
44%
Lac Lac de Paladru
38%
Village Pont-en-Royans
25%
Événement historique Journée des tuiles
16%
Site naturel Grottes de la Balme
10%
Temple gallo-romain Temple d'Auguste et Livie
9%
Dauphin du Viennois Humbert II
5%
Aucun quiz correspondant
Distribution des résultats
% des personnes avec chaque résultat
Percentile par nombre de réponses
Votre historique - résultats
Vous n’avez pas pris ce quiz